|
|
|
|
| LEADER |
00000nkm a2200000 a 4500 |
| 001 |
vtls011775305 |
| 003 |
SK-MaSNL |
| 005 |
20260426020029.0 |
| 007 |
kf bo |
| 008 |
240409s1997 xo g kuslo |
| 035 |
|
|
|a urn:nbn:sk:snk-km00ec7j
|
| 035 |
|
|
|a urn:nbn:sk:snk-km43eyp
|
| 035 |
|
|
|a 7ED0B0D7-6B92-4093-BAB7-6F9799FF60FC
|
| 040 |
|
|
|a SNK
|b slo
|c SNK
|e AACR2
|
| 041 |
0 |
|
|a slo
|
| 043 |
|
|
|a e-xo---
|
| 044 |
|
|
|a xo
|c SK
|
| 072 |
|
7 |
|a 394
|x Verejný a spoločenský život. Každodenný život
|2 konspekt
|
| 072 |
|
7 |
|a 929
|x Biografie
|2 konspekt
|
| 080 |
|
|
|a 394.46
|2 2011
|
| 080 |
|
|
|a (084.5)
|2 2011
|
| 080 |
|
|
|a 929
|2 2011
|
| 245 |
0 |
0 |
|a Narozeniny režiséra Z. K. - česko-slovenský film; film o filmu, filmařích a filmování
|b propagačný plagát
|h grafika
|c autor plagátu: Weber
|
| 300 |
|
|
|a 1 plagát
|b farebný; na čiernom podklade text v rôznych farbách, v hornej časti je režisérska biela stolička, v dolnej časti na čiernom podklade biele okienka ako celuloidový filmový pás
|c 42 x 30 cm
|
| 648 |
|
7 |
|a 1896-1996
|2 SNKPH
|9 286313
|
| 650 |
0 |
7 |
|a kinematografia
|2 SNKPH
|9 3169
|
| 651 |
|
7 |
|a Slovensko
|2 SNKPH
|9 14231
|
| 655 |
|
7 |
|a plagáty
|2 SNKPH
|9 70571
|
| 700 |
1 |
|
|a Weber
|4 com
|9 663677
|
| 852 |
|
|
|a Slovenská národná knižnica v Martine
|
| 958 |
|
|
|a CP
|
| 999 |
|
|
|c 1200549
|d 1202479
|
| 952 |
|
|
|a SNKLM
|b SNKLM
|y PREZ
|7 0
|p 17A1261954
|o snklm L 1506
|i snklm 117/88
|8 7
|0 0
|1 0
|4 0
|d 2018-08-30
|f 1
|l 0
|r 2026-02-24 22:40:41
|w 2026-02-24
|